José Bonaparte : (Record no. 179993)

MARC details
000 -LEADER
campo de control de longitud fija 01091nab a2200253 i 4500
001 - NÚMERO DE CONTROL
campo de control 179993
003 - IDENTIFICADOR DE NÚMERO DE CONTROL
campo de control ES-MaACL
005 - FECHA Y HORA DE LA ÚLTIMA TRANSACCIÓN
campo de control 20250827063229.0
008 - DATOS DE LONGITUD FIJA--INFORMACIÓN GENERAL
campo de control de longitud fija 120313e1913 sp | p|| 100 ||spa d
100 1# - ENTRADA PRINCIPAL--NOMBRE DE PERSONA
Nombre de persona Moret, Segismundo,
Fechas asociadas al nombre 1833-1913
Término indicativo de función/relación Autor
9 (RLIN) 162747
245 10 - MENCIÓN DEL TÍTULO
Título José Bonaparte :
Resto del título [conferencia leída en el Ateneo de Madrid, organizada por el presidente de la Sección de Ciencias Históricas] /
Mención de responsabilidad, etc. por Segismundo Moret
300 ## - DESCRIPCIÓN FÍSICA
Extensión Páginas 4-30
594 ## - Nota al título y mención de responsabilidad
a Precede al título: Conferencias del Ateneo de Madrid, 1912
599 ## - NOTA A LAS ILUSTRACIONES
NOTA A LAS ILUSTRACIONES Retrato del autor en portada
600 0# - PUNTO DE ACCESO ADICIONAL DE MATERIA--NOMBRE DE PERSONA
Nombre de persona José
Numeración I,
Títulos y otros términos asociados al nombre Rey de España
9 (RLIN) 200727
610 24 - PUNTO DE ACCESO ADICIONAL DE MATERIA--NOMBRE DE ENTIDAD CORPORATIVA
Nombre de entidad corporativa o nombre de jurisdicción como elemento de entrada Ateneo de Madrid-
Subdivisión de forma Conferencias-
Subdivisión cronológica 1900-1939
9 (RLIN) 1907
651 #4 - PUNTO DE ACCESO ADICIONAL DE MATERIA--NOMBRE GEOGRÁFICO
Nombre geográfico España-
Subdivisión general Historia-
Subdivisión cronológica 1808-1814, Guerra de la Independencia
9 (RLIN) 8244
655 #0 - TERMINO DE INDIZACIÓN--GENERO/FORMA
Datos o término principal de género/forma Conferencias
9 (RLIN) 234444
710 2# - ENTRADA AGREGADA--NOMBRE DE ENTIDAD CORPORATIVA
Nombre de entidad corporativa o nombre de jurisdicción como elemento de entrada Ateneo de Madrid.
Unidad subordinada Sección de Ciencias Históricas
Término indicativo de función/relación entidad responsable
9 (RLIN) 1981
773 0# - ASIENTO DE ITEM FUENTE
Título La Palabra : revista taquigráfica,
Número Internacional Normalizado para Publicaciones Seriadas ISSN 2479-7723,
Parte(s) relacionada(s) 1 enero 1913, n. 1, p. 4-30
Número de control del registro 2879
Número bibliográfico anfitrión 2879
Número de ítem anfitrión 2987
942 ## - ELEMENTOS DE ENTRADA SECUNDARIOS (KOHA)
Tipo de ítem Koha Artículo de revista
Fuente del sistema de clasificación o colocación Clasificación decimal universal
Suprimir en OPAC No

No items available.